| 000 | 00411 a2200145 4500 | ||
|---|---|---|---|
| 005 | 20250428102827.0 | ||
| 020 | _a0-07-297767-1 | ||
| 082 | _a658.5 FIN | ||
| 100 | _aFINCH, B .J . | ||
| 245 | _aOperations Now : Profitability, Processes, Performance | ||
| 250 | _a2nd Ed. | ||
| 260 |
_aNew York, _bMcGraw - Hill, _c2006. |
||
| 300 |
_axxxviii,650p.: ill.; picture, _bglossary, index , _c28cm. |
||
| 942 |
_2ddc _cBKS |
||
| 999 |
_c1699 _d1699 |
||